| 000 | 00435 a2200169 4500 | ||
|---|---|---|---|
| 020 | _a9781111307684 | ||
| 040 |
_aDLC _bDLC |
||
| 082 | _a794.81526 | ||
| 100 | _aNovak, Jeannie | ||
| 245 |
_aGame development essentials _cJeannie,Novak |
||
| 250 | _a3 rd ed. | ||
| 260 |
_aUS _bDelmar Cengage Learning _c2010 |
||
| 300 | _a483 p. | ||
| 650 | _aComputer games--Programming | ||
| 700 | _aJeannie,Novak | ||
| 942 |
_cBK _k794.81526 NOV _2ddc |
||
| 999 |
_c10793 _d10793 |
||